000 00932nam a22001937a 4500
003 JO-AjAnu
005 20240407102410.0
008 240407b jo ||||| |||| 00| 0 ara d
040 _aJO-AjAnu
_cANU
041 1 _hARA
100 _aاشتية، أحمد حفظي حافظ
_eمعد
_965340
245 0 _aالتحديات القانونية التي تواجه جرائم الذم والقدح الإلكترونية "دراسة تحليلية في القانون الجزائي الأردني" =
_cاعداد أحمد حفظي حافظ اشتية ؛ اشراف عبدالله العكايلة
260 _c2023
300 _a93 ورقة
500 _aرسالة جامعية (ماجستير) تخصص القانون / جامعة عجلون الوطنية، 2023
650 7 _vجرائم القذف والسب-قوانين وتشريعات
700 0 _aعبدالله العكايلة
_eمشرف
_965341
942 _2lcc
_cTHS
_n0
999 _c33441
_d33441